Paroles - Je suis malade - Serge Lama - Statistiques

Statistiques générales
  • Ce quiz a été pris 1 885 fois
  • Le résultat moyen est 231 sur 303
Statistiques - réponses
Réponse % Correct
Je
100%
je
100%
ma
99%
Ma
99%
suis
99%
98%
malade
98%
de
97%
De
97%
complètement
96%
me
96%
à
95%
le
95%
Se
95%
et
93%
Et
93%
mon
93%
seul
92%
avec
91%
comme
91%
Comme
91%
quand
91%
Quand
91%
mère
90%
Que
90%
soir
90%
désespoir
89%
ne
89%
plus
88%
qu'elle
87%
tu
87%
Tu
87%
laissait
86%
un
86%
en
85%
sortait
85%
toi
83%
vie
81%
n'ai
80%
va
80%
sans
79%
t'en
79%
même
77%
vas
76%
rêve
74%
ça
73%
fume
73%
dans
72%
envie
72%
vivre
72%
pars
71%
tous
71%
les
70%
70%
lit
69%
mes
68%
gare
67%
on
67%
transforme
67%
quai
66%
dors
65%
c'est
62%
ta
62%
es
61%
laid
61%
orphelin
61%
parfaitement
61%
dortoir
60%
faire
59%
fous
59%
moi
59%
ton
59%
Pour
58%
cesse
57%
d'histoire
57%
jamais
57%
m'as
57%
sait
56%
ans
55%
mort
55%
mots
55%
sais
55%
bientôt
54%
accroché
53%
rocher
53%
deux
52%
toutes
52%
bois
51%
nuits
51%
oiseau
51%
qui
51%
privé
50%
fatigué
49%
goût
49%
ont
49%
cœur
48%
du
48%
mais
47%
si
47%
corps
46%
sale
46%
semblant
46%
épuisé
45%
j'ai
45%
peau
45%
vidé
45%
bateaux
44%
péché
44%
drapeau
43%
barricades
42%
d'être
42%
portent
42%
sang
42%
aller
41%
ils
41%
gosse
40%
heureux
40%
idiot
40%
partout
40%
sont
40%
radio
39%
amour
38%
Cet
38%
t'entends
38%
Cerné
37%
chants
37%
j'avais
37%
Près
37%
talent
37%
verse
37%
avant
35%
continue
34%
Pourtant
34%
tue,
34%
T'arrives
33%
voix
32%
chantera
31%
propre
31%
crèverai
30%
Écoutant
28%
whiskies
25%
repars
22%
Aucun quiz correspondant
Distribution des résultats
% des personnes avec chaque résultat
Percentile par nombre de réponses
Votre historique - résultats
Vous n’avez pas pris ce quiz